[Event "Skopje op-B"]
[Site "Skopje"]
[Date "2023.12.06"]
[Round "1"]
[White "Shtavica, Alaudin"]
[Black "Ivanov, Vasil A"]
[Result "1-0"]
[WhiteElo "1710"]
[BlackElo "1159"]
[PlyCount "99"]
[EventDate "2023.12.06"]
[EventType "swiss"]
[EventRounds "9"]
[EventCountry "MKD"]
[SourceTitle "CB51_2023"]
[SourceDate "2023.12.20"]
[SourceVersion "1"]
[SourceVersionDate "2023.12.20"]
[SourceQuality "1"]

1. b3 d6 2. Bb2 Nf6 3. e3 Nbd7 4. c4 e5 5. g3 Be7 6. Bg2 c6 7. Nc3 Qc7 8. Nge2 Nf8 9. d4 h6 10. dxe5 dxe5 11. Qc2 g6 12. f4 Bd6 13. Ne4 Nxe4 14. Bxe4 Be6 15. f5 gxf5 16. Bxf5 c5 17. 0-0-0 0-0-0 18. Nf4 exf4 19. Bxh8 fxe3 20. Bf6 Re8 21. Rhe1 Kb8 22. Rxe3 Nd7 23. Bc3 Bf4 24. gxf4 Qxf4 25. Bd2 Qd4 26. Bxe6 Qa1+ 27. Qb1 Qxb1+ 28. Kxb1 Rxe6 29. Rxe6 fxe6 30. Bxh6 Nf6 31. Bg5 Ng4 32. h4 e5 33. h5 e4 34. h6 Ne5 35. h7 Nf7 36. Rd8+ Kc7 37. h8Q Nxh8 38. Rxh8 Kd6 39. Re8 b6 40. Rxe4 Kc6 41. Re6+ Kd7 42. Rf6 Kc7 43. Kc2 a5 44. Rf7+ Kc8 45. Kd3 Kb8 46. Ke4 Kc8 47. Kd5 Kb8 48. Kc6 Ka8 49. Kxb6 Kb8 50. Rf8# 1-0

[Event "KOS-ch"]
[Site "Pristina"]
[Date "2022.11.20"]
[Round "9"]
[White "Aliu, Besnik"]
[Black "Shtavica, Alaudin"]
[Result "1-0"]
[WhiteElo "1933"]
[BlackElo "1556"]
[PlyCount "53"]
[EventDate "2022.11.11"]
[EventType "swiss"]
[EventRounds "9"]
[EventCountry "KOS"]
[SourceTitle "CBM 211 Extra"]
[Source "ChessBase"]
[SourceDate "2023.01.31"]
[SourceVersion "1"]
[SourceVersionDate "2023.01.31"]
[SourceQuality "1"]

1. e4 e5 2. Nf3 Nc6 3. d4 exd4 4. Nxd4 Qf6 5. Be3 Bc5 6. c3 Nge7 7. g3 d6 8. Bg2 Bd7 9. 0-0 h5 10. h4 Bg4 11. Qd2 Ne5 12. Bg5 Qg6 13. f4 f6 14. f5 Bxf5 15. exf5 Nxf5 16. Be4 fxg5 17. Bxf5 Qf7 18. Qxg5 Rf8 19. Nd2 g6 20. Be4 Qg7 21. Rxf8+ Kxf8 22. Rf1+ Kg8 23. N2f3 Nxf3+ 24. Rxf3 Bxd4+ 25. cxd4 Qxd4+ 26. Qe3 Qxb2 27. Bd5+ 1-0

[Event "KOS-ch"]
[Site "Pristina"]
[Date "2022.11.18"]
[Round "6"]
[White "Avdiu, Azem"]
[Black "Shtavica, Alaudin"]
[Result "0-1"]
[WhiteElo "1698"]
[BlackElo "1556"]
[PlyCount "55"]
[EventDate "2022.11.11"]
[EventType "swiss"]
[EventRounds "9"]
[EventCountry "KOS"]
[SourceTitle "CBM 211 Extra"]
[Source "ChessBase"]
[SourceDate "2023.01.31"]
[SourceVersion "1"]
[SourceVersionDate "2023.01.31"]
[SourceQuality "1"]

1. d4 d5 2. f4 Bf5 3. Nf3 e6 4. h3 c5 5. e3 c4 6. c3 Qa5 7. Nbd2 h6 8. Be2 Nc6 9. 0-0 b5 10. Nh4 Bh7 11. f5 Nge7 12. fxe6 fxe6 13. Bg4 Nd8 14. Nhf3 Bd3 15. Rf2 h5 16. Ne5 hxg4 17. Qxg4 Bf5 18. Qg5 Ndc6 19. Ndf3 Qc7 20. Bd2 Nxe5 21. Nxe5 Nc6 22. Nxc6 Qxc6 23. g4 Be4 24. Qf4 0-0-0 25. Qg3 Bd6 26. Rf4 g5 27. a4 gxf4 28. exf4 0-1

[Event "KOS-ch"]
[Site "Pristina"]
[Date "2022.11.13"]
[Round "3"]
[White "Shtavica, Alaudin"]
[Black "Halilaj, Milazim"]
[Result "1-0"]
[WhiteElo "1556"]
[BlackElo "1236"]
[PlyCount "35"]
[EventDate "2022.11.11"]
[EventType "swiss"]
[EventRounds "9"]
[EventCountry "KOS"]
[SourceTitle "CBM 211 Extra"]
[Source "ChessBase"]
[SourceDate "2023.01.31"]
[SourceVersion "1"]
[SourceVersionDate "2023.01.31"]
[SourceQuality "1"]

1. e4 e5 2. Nc3 Nc6 3. f4 d6 4. Nf3 Bg4 5. Bb5 Nge7 6. h3 Bxf3 7. Qxf3 a6 8. Bc4 Nd4 9. Qd1 exf4 10. 0-0 g5 11. d3 Qd7 12. Qh5 Ne6 13. Nd5 Ng6 14. Nf6+ Ke7 15. Nxd7 Kxd7 16. Bxe6+ Kxe6 17. Qxg5 Kd7 18. Qf5+ 1-0

[Event "KOS-ch"]
[Site "Pristina"]
[Date "2022.11.11"]
[Round "1"]
[White "Shtavica, Alaudin"]
[Black "Rama, Rame"]
[Result "0-1"]
[WhiteElo "1556"]
[BlackElo "2006"]
[PlyCount "78"]
[EventDate "2022.11.11"]
[EventType "swiss"]
[EventRounds "9"]
[EventCountry "KOS"]
[SourceTitle "CBM 211 Extra"]
[Source "ChessBase"]
[SourceDate "2023.01.31"]
[SourceVersion "1"]
[SourceVersionDate "2023.01.31"]
[SourceQuality "1"]

1. e4 e6 2. d4 d5 3. Nd2 Nf6 4. e5 Nfd7 5. f4 Nc6 6. Ngf3 a6 7. c3 Nb6 8. b3 Bd7 9. Bd3 Ne7 10. a4 Bc6 11. g4 g6 12. Rf1 h5 13. g5 Qd7 14. Qe2 Bg7 15. h4 0-0 16. Ba3 Rfe8 17. Nh2 Nf5 18. Bxf5 exf5 19. Kf2 Qe6 20. Rfe1 a5 21. Nhf1 Nd7 22. Ne3 Bf8 23. Bxf8 Nxf8 24. c4 Red8 25. Qd3 Qd7 26. Nc2 Ne6 27. Ke3 dxc4 28. Qxc4 b5 29. axb5 Bxb5 30. Qc3 c5 31. Nf3 cxd4+ 32. Ncxd4 Rac8 33. Qb2 Nxd4 34. Nxd4 Qd5 35. Rad1 Qe4+ 36. Kf2 Qxf4+ 37. Nf3 Rd3 38. Rxd3 Bxd3 39. Qd4 Rc2+ 0-1

[Event "Pristina Nderkombetar op"]
[Site "Pristina"]
[Date "2022.06.21"]
[Round "7"]
[White "Shtavica, Alaudin"]
[Black "Gerguri, Arsim"]
[Result "0-1"]
[WhiteElo "1366"]
[BlackElo "1949"]
[PlyCount "94"]
[EventDate "2022.06.17"]
[EventType "swiss"]
[EventRounds "9"]
[EventCountry "KOS"]
[SourceTitle "CBM 209 Extra"]
[Source "ChessBase"]
[SourceDate "2022.09.30"]
[SourceVersion "1"]
[SourceVersionDate "2022.09.30"]
[SourceQuality "1"]

1. e4 c5 2. Nf3 Nc6 3. d4 cxd4 4. Nxd4 g6 5. Nc3 Bg7 6. Be3 Nf6 7. Bc4 0-0 8. f3 Qb6 9. Bb3 Ng4 10. fxg4 Bxd4 11. Bxd4 Qxd4 12. Qxd4 Nxd4 13. Nd5 Nc6 14. c3 d6 15. g5 Bd7 16. h4 Rac8 17. Ba4 Rfe8 18. Kd2 Ne5 19. Bxd7 Nxd7 20. b3 Nc5 21. Rae1 Ne6 22. Rhf1 Nc7 23. Nxc7 Rxc7 24. Rf3 e6 25. c4 Rd8 26. Rd3 Rcd7 27. Kc3 Kf8 28. Red1 Ke7 29. a4 a5 30. g4 Rc7 31. h5 Rc5 32. hxg6 hxg6 33. b4 axb4+ 34. Kxb4 Rxg5 35. Rg1 f5 36. exf5 gxf5 37. Rh1 Rxg4 38. Rh7+ Kf6 39. Rxb7 Rc8 40. Rxd6 Rcxc4+ 41. Kb3 Rxa4 42. Rdd7 Rae4 43. Rf7+ Ke5 44. Kc3 Rg3+ 45. Kd2 Ra4 46. Rb5+ Ke4 47. Rfb7 Ra2+ 0-1

[Event "EU-ch Schools U15"]
[Site "Rhodes"]
[Date "2022.04.25"]
[Round "4"]
[White "Shtavica, Alaudin"]
[Black "Kovalskyi, Roman"]
[Result "0-1"]
[WhiteElo "1348"]
[BlackElo "1849"]
[PlyCount "50"]
[EventDate "2022.04.21"]
[EventType "swiss"]
[EventRounds "9"]
[EventCountry "GRE"]
[SourceTitle "CBM 208 Extra"]
[Source "ChessBase"]
[SourceDate "2022.07.31"]
[SourceVersion "1"]
[SourceVersionDate "2022.07.31"]
[SourceQuality "1"]

1. e4 c5 2. Nf3 g6 3. d4 cxd4 4. Nxd4 Nc6 5. Nc3 Bg7 6. Be3 Nf6 7. Be2 0-0 8. h4 d5 9. Nxc6 bxc6 10. e5 Nd7 11. f4 Rb8 12. h5 Rxb2 13. hxg6 fxg6 14. Kf2 Bxe5 15. Nxd5 cxd5 16. Qxd5+ Kg7 17. Kg3 Bf6 18. Bd3 e5 19. Qf3 exf4+ 20. Bxf4 Ne5 21. Rxh7+ Kxh7 22. Qh5+ Kg8 23. Bxg6 Nxg6 24. Qxg6+ Bg7 25. Rh1 Bf5 0-1

[Event "EU-ch Schools U15"]
[Site "Rhodes"]
[Date "2022.04.21"]
[Round "1"]
[White "Andreev, Konstantin1111"]
[Black "Shtavica, Alaudin"]
[Result "1-0"]
[WhiteElo "2176"]
[BlackElo "1348"]
[PlyCount "67"]
[EventDate "2022.04.21"]
[EventType "swiss"]
[EventRounds "9"]
[EventCountry "GRE"]
[SourceTitle "CBM 208 Extra"]
[Source "ChessBase"]
[SourceDate "2022.07.31"]
[SourceVersion "1"]
[SourceVersionDate "2022.07.31"]
[SourceQuality "1"]

1. e4 e6 2. d4 d5 3. Nc3 Nf6 4. e5 Nfd7 5. f4 c5 6. Nf3 a6 7. Be3 Nc6 8. Qd2 c4 9. a3 b5 10. Be2 Be7 11. 0-0 0-0 12. Kh1 f6 13. g4 b4 14. axb4 Bxb4 15. Qe1 Ne7 16. Qg3 f5 17. Nh4 Kh8 18. Rg1 g6 19. Qh3 Kg7 20. gxf5 exf5 21. Rg5 Bxc3 22. bxc3 a5 23. Bc1 Nb8 24. Ba3 Nbc6 25. Rag1 Be6 26. Bh5 Bf7 27. Nxf5+ Nxf5 28. Qxf5 Kh8 29. Qh3 gxh5 30. Bxf8 Qxf8 31. e6 Be8 32. f5 a4 33. Qg3 Ne7 34. Qe5+ 1-0

[Event "Struga Youth op-A 2nd"]
[Site "Struga"]
[Date "2021.09.09"]
[Round "2"]
[White "Djorovic, Matija"]
[Black "Shtavica, Alaudin"]
[Result "0-1"]
[WhiteElo "1063"]
[BlackElo "1394"]
[PlyCount "29"]
[EventDate "2021.09.08"]
[EventType "swiss"]
[EventRounds "7"]
[EventCountry "MKD"]
[SourceTitle "CBM 204 Extra"]
[Source "ChessBase"]
[SourceDate "2021.11.30"]
[SourceVersion "1"]
[SourceVersionDate "2021.11.30"]
[SourceQuality "1"]

1. e4 e5 2. Nf3 Nc6 3. Bc4 Nf6 4. Nc3 Nxe4 5. Nxe4 d5 6. Bxd5 Qxd5 7. Qe2 Bg4 8. c3 0-0-0 9. Neg5 h6 10. c4 Qd7 11. Ne4 f5 12. Nc3 e4 13. Nb5 exf3 14. gxf3 Re8 15. Qxe8+ 0-1